| 000 | 00467nam a22001577a 4500 | ||
|---|---|---|---|
| 003 | PILC | ||
| 005 | 20160309172953.0 | ||
| 008 | 160309b xxu||||| |||| 00| 0 eng d | ||
| 020 | _a9780986263040 | ||
| 050 |
_aQC 1 _b.Al432 2015 |
||
| 100 | _aAlbright, James. | ||
| 245 |
_aInternational operations flight manual / _bJames Albright. |
||
| 300 |
_a603 pages : _billustrations ; _c23 cm. |
||
| 500 | _aIncludes bibliographical references and index. | ||
| 942 |
_2lcc _cBK |
||
| 999 |
_c291518 _d291518 |
||